00595nam a2200229 a 450000100060000000300090000600800410001504000280005608200150008410000220009924500350012126000500015630000100020650000310021665000130024765000120026065000200027265000130029265000080030565000320031365000200034510191CO-ViMGA141112s2004 ck r 000 u spa d aCO-ViMGAbspacCO-ViMGA04a323.2 A73v1 aArenas ; Jacobo, 10aVicisitudes del Proceso de Paz aBogotá : bEditorial La abeja Negra, c1990 a326p. aDocumentos, Comentarios. 14aCOLOMBIA14aFUENTES14aFUERZAS ARMADAS14aHISTORIA14aPAZ14aREVOLUCIONARIOS DE COLOMBIA14aTRATADOS DE PAZ